[Event "FRA-chT2 0405"]
[Site "France"]
[Date "2004.11.07"]
[Round "3.9"]
[White "Guilbert, Herve"]
[Black "Clofullia, Angelique"]
[Result "1/2-1/2"]
[WhiteElo "2118"]
[BlackElo "2032"]
[PlyCount "108"]
[EventDate "2004.10.10"]
[EventType "team"]
[EventRounds "11"]
[EventCountry "FRA"]
[SourceTitle "EXT 2006"]
[Source "ChessBase"]
[SourceDate "2005.11.24"]
[SourceVersion "1"]
[SourceVersionDate "2005.11.24"]
[SourceQuality "1"]
[WhiteTeam "Clichy  II"]
[BlackTeam "Arras"]
[WhiteTeamCountry "FRA"]
[BlackTeamCountry "FRA"]

1. c4 c6 2. g3 Nf6 3. Bg2 d5 4. Nf3 Bf5 5. cxd5 cxd5 6. Qb3 Qc8 7. Nc3 Nc6 8. 0-0 e6 9. d3 Be7 10. Bf4 Nh5 11. Bd2 Nf6 12. Rac1 Qd7 13. Bf4 0-0 14. e4 Bg6 15. exd5 exd5 16. d4 Bd3 17. Rfe1 Bc4 18. Qd1 Bb4 19. Ne5 Nxe5 20. dxe5 Ne8 21. b3 Ba6 22. Qd4 Bxc3 23. Rxc3 Nc7 24. a4 Rfd8 25. Rd1 Be2 26. Rd2 Bg4 27. Bg5 Rdc8 28. Rdc2 Be6 29. Qc5 h6 30. Be3 Na6 31. Qd4 Rc6 32. b4 Rxc3 33. Rxc3 Qxa4 34. b5 Qxb5 35. Bf1 Qa5 36. Rc1 Nb8 37. Ra1 Qc7 38. Rxa7 Rxa7 39. Qxa7 Nc6 40. Qa8+ Qb8 41. Qxb8+ Nxb8 42. Bb5 Bd7 43. Ba7 Bxb5 44. Bxb8 d4 45. Ba7 d3 46. Be3 Kf8 47. f4 Ke7 48. Kf2 Ke6 49. Bd2 Kf5 50. Ke3 Bc4 51. h4 b5 52. Bb4 g6 53. Be1 h5 54. Bb4 Ke6 1/2-1/2

[Event "FRA-chT2 0304"]
[Site "France"]
[Date "2004.02.01"]
[Round "7"]
[White "Guilbert, Herve"]
[Black "Shoker, Samy"]
[Result "0-1"]
[WhiteElo "2169"]
[BlackElo "2157"]
[PlyCount "99"]
[EventDate "2003.10.??"]
[EventType "team"]
[EventRounds "11"]
[EventCountry "FRA"]
[SourceTitle "EXT 2005"]
[Source "ChessBase"]
[SourceDate "2004.11.15"]
[SourceVersion "1"]
[SourceVersionDate "2004.11.15"]
[SourceQuality "1"]

1. c4 g6 2. g3 Bg7 3. Bg2 c5 4. Nc3 Nc6 5. a3 h5 6. Nf3 d6 7. Rb1 a5 8. 0-0 Nh6 9. e4 Nd4 10. h3 Bd7 11. d3 Ra6 12. Bg5 Nxf3+ 13. Qxf3 Qc8 14. Nd5 f6 15. Bxh6 Rxh6 16. b4 g5 17. Qe2 Kf8 18. b5 Ra7 19. f4 gxf4 20. Nb6 Qd8 21. Nxd7+ Qxd7 22. Rxf4 Ra8 23. Rbf1 Kf7 24. Kh2 Rah8 25. h4 b6 26. Bh3 Qe8 27. e5 dxe5 28. Qxe5 e6 29. Qc7+ Qe7 30. Bxe6+ Kf8 31. Qb8+ Qe8 32. Qxb6 Rg6 33. Qxc5+ Qe7 34. Qc8+ Qe8 35. Qc5+ Qe7 36. Qxe7+ Kxe7 37. Bd5 Bh6 38. Re4+ Kd7 39. a4 Rf8 40. Rf5 Bd2 41. c5 Bb4 42. d4 Bc3 43. Be6+ Kc7 44. b6+ Kb8 45. c6 Bb4 46. c7+ Kb7 47. c8Q+ Rxc8 48. Bxc8+ Kxc8 49. Re6 Rg4 50. Rf4 0-1

[Event "FRA-chT2S 0203"]
[Site "France"]
[Date "2003.03.15"]
[Round "8.7"]
[White "Guilbert, Herve"]
[Black "Lepan, Marvin"]
[Result "0-1"]
[WhiteElo "2145"]
[BlackElo "2198"]
[PlyCount "48"]
[EventDate "2002.10.??"]
[EventType "team"]
[EventRounds "11"]
[EventCountry "FRA"]
[SourceTitle "EXT 2004"]
[Source "ChessBase"]
[SourceDate "2003.11.25"]
[SourceVersion "1"]
[SourceVersionDate "2003.11.25"]
[SourceQuality "1"]
[WhiteTeam "Clichy II"]
[BlackTeam "Creteil"]
[WhiteTeamCountry "FRA"]
[BlackTeamCountry "FRA"]

1. Nf3 d5 2. d4 c6 3. c4 e6 4. Qc2 dxc4 5. Qxc4 Nf6 6. g3 b5 7. Qc2 Bb7 8. Bg2 Nbd7 9. 0-0 c5 10. a4 b4 11. Nbd2 Rc8 12. dxc5 Bxc5 13. Qd1 0-0 14. Nb3 Qe7 15. Bg5 Rfd8 16. Nfd2 Bxg2 17. Kxg2 h6 18. Bxf6 Nxf6 19. Qb1 h5 20. Nf3 Qb7 21. Nxc5 Rxc5 22. Rc1 Rf5 23. h4 Rd2 24. Rc2 Rxe2 0-1

[Event "Arthur Andersen Trophy 11th"]
[Site "Neuilly"]
[Date "2001.04.07"]
[Round "3"]
[White "Picard, Romain"]
[Black "Guilbert, Herve"]
[Result "1/2-1/2"]
[WhiteElo "2213"]
[BlackElo "2140"]
[PlyCount "47"]
[EventDate "2001.04.??"]
[EventType "swiss (rapid)"]
[EventRounds "7"]
[EventCountry "FRA"]
[SourceTitle "EXT 2005"]
[Source "ChessBase"]
[SourceDate "2004.11.15"]
[SourceVersion "1"]
[SourceVersionDate "2004.11.15"]
[SourceQuality "1"]

1. e4 c5 2. Nf3 Nc6 3. d4 cxd4 4. Nxd4 g6 5. c4 Bg7 6. Be3 Nf6 7. Nc3 0-0 8. Be2 b6 9. 0-0 Bb7 10. f3 Qb8 11. Rc1 Rd8 12. Qd2 d6 13. Rfd1 Rd7 14. a3 Qf8 15. b4 Rad8 16. Kh1 e6 17. Nxc6 Bxc6 18. Bg5 h6 19. Bh4 Qe7 20. Qe3 g5 21. Bf2 d5 22. exd5 exd5 23. Qxe7 Rxe7 24. cxd5 1/2-1/2

[Event "Clichy Evaluation 3"]
[Site "Clichy"]
[Date "1999.??.??"]
[Round "9"]
[White "Borzakian, Manouk"]
[Black "Guilbert, Herve"]
[Result "1-0"]
[WhiteElo "2055"]
[BlackElo "2030"]
[PlyCount "57"]
[EventDate "1999.??.??"]
[EventType "schev"]
[EventRounds "10"]
[EventCountry "FRA"]
[SourceTitle "EXT 2000"]
[Source "ChessBase"]
[SourceDate "1999.11.16"]
[SourceVersion "1"]
[SourceVersionDate "1999.11.16"]
[SourceQuality "1"]

1. e4 c5 2. Nc3 Nc6 3. f4 g6 4. Nf3 Bg7 5. Bb5 Nd4 6. a4 e6 7. 0-0 a6 8. Bd3 d6 9. Nxd4 cxd4 10. Ne2 Ne7 11. Qe1 0-0 12. b3 Nc6 13. Bb2 e5 14. fxe5 Nb4 15. exd6 Qxd6 16. Ba3 Qb6 17. Nf4 Be6 18. Qe2 Nxc2 19. Bxf8 Rxf8 20. Nxe6 fxe6 21. Rxf8+ Bxf8 22. Rc1 Nb4 23. Kh1 Na2 24. Rc8 Kg7 25. Qf2 Bd6 26. e5 Be7 27. Rc4 Qxb3 28. Rc7 Qb4 29. Qf6+ 1-0

[Event "Clichy Evaluation 3"]
[Site "Clichy"]
[Date "1999.??.??"]
[Round "8"]
[White "Guilbert, Herve"]
[Black "Lopez, Jordi"]
[Result "1/2-1/2"]
[WhiteElo "2030"]
[BlackElo "2185"]
[PlyCount "26"]
[EventDate "1999.??.??"]
[EventType "schev"]
[EventRounds "10"]
[EventCountry "FRA"]
[SourceTitle "EXT 2000"]
[Source "ChessBase"]
[SourceDate "1999.11.16"]
[SourceVersion "1"]
[SourceVersionDate "1999.11.16"]
[SourceQuality "1"]

1. e4 c5 2. c3 d5 3. exd5 Qxd5 4. d4 cxd4 5. cxd4 e6 6. Nf3 Nf6 7. Bd3 Be7 8. 0-0 0-0 9. Nc3 Qd8 10. Re1 Nc6 11. a3 b6 12. Bg5 h6 13. Bf4 Bb7 1/2-1/2